| 000 | 00665aam a2200253 4500 | ||
|---|---|---|---|
| 005 | 20170510155428.0 | ||
| 008 | 150427b xxu||||| |||| 00| 0 spa d | ||
| 041 | _aspa | ||
| 082 | _a651.37 G177r | ||
| 100 |
_aGallo González, Gonzalo _914158 |
||
| 245 | _aRelaciones | ||
| 260 | _aEspaña | ||
| 260 | _bECISA | ||
| 260 | _c2008 | ||
| 300 | _a119 páginas | ||
| 650 |
_aRELACIONES HUMANAS _942561 |
||
| 650 |
_aCOMUNICACIÓN AFECTIVA _942562 |
||
| 650 |
_aASERTIVIDAD _98828 |
||
| 650 |
_aNEUROLINGÜÍSTICA _942563 |
||
| 650 |
_aVALORAR LA FAMILIA _942564 |
||
| 650 |
_aREPROGRAMAR LA MENTE _942565 |
||
| 650 |
_aAMOR Y SEXUALIDAD _942566 |
||
| 942 | _cBK | ||
| 999 |
_c5012 _d5012 |
||